000 00298nam a22001217a 4500
008 170131b xxu||||| |||| 00| 0 eng d
041 _aeng
080 _22ND
_a61
100 _a3
101 _aSHMI
245 _aTHE VACCINE HANDBOOK: A PRACTICAL GUIDE FOR CLINICIANS
_cMARSHAL, G.S
942 _2udc
_cBK
999 _c4088
_d4088